<?xml version="1.0" encoding="UTF-8"?>
<record
    xmlns:xsi="http://www.w3.org/2001/XMLSchema-instance"
    xsi:schemaLocation="http://www.loc.gov/MARC21/slim http://www.loc.gov/standards/marcxml/schema/MARC21slim.xsd"
    xmlns="http://www.loc.gov/MARC21/slim">

  <leader>01234nam2a2200229   4500</leader>
  <controlfield tag="001">RU\NLR\bibl\2012946</controlfield>
  <controlfield tag="005">20250616213940.0</controlfield>
  <datafield tag="035" ind1=" " ind2=" ">
    <subfield code="a">(NLR Aleph) 002001432</subfield>
  </datafield>
  <datafield tag="090" ind1=" " ind2=" ">
    <subfield code="a">4364806</subfield>
    <subfield code="c">4364806</subfield>
  </datafield>
  <datafield tag="100" ind1=" " ind2=" ">
    <subfield code="a">20130319d2007    |||y0rusy50      ca</subfield>
  </datafield>
  <datafield tag="101" ind1="0" ind2=" ">
    <subfield code="a">rus</subfield>
  </datafield>
  <datafield tag="102" ind1=" " ind2=" ">
    <subfield code="a">RU</subfield>
  </datafield>
  <datafield tag="105" ind1=" " ind2=" ">
    <subfield code="a">y   |||||||||</subfield>
  </datafield>
  <datafield tag="200" ind1="0" ind2=" ">
    <subfield code="a">&#x41A;&#x43D;. 1</subfield>
  </datafield>
  <datafield tag="215" ind1=" " ind2=" ">
    <subfield code="a">239 &#x441;.</subfield>
  </datafield>
  <datafield tag="327" ind1="1" ind2=" ">
    <subfield code="a">&#x421;&#x43E;&#x434;&#x435;&#x440;&#x436;.: &#x411;&#x430;&#x440;&#x430;&#x442;&#x44B;&#x43D;&#x441;&#x43A;&#x438;&#x439;; &#x411;&#x430;&#x440;&#x44B;&#x448;&#x43D;&#x44F;-&#x43A;&#x440;&#x435;&#x441;&#x442;&#x44C;&#x44F;&#x43D;&#x43A;&#x430;; &#x412;&#x44B;&#x441;&#x442;&#x440;&#x435;&#x43B;; &#x413;&#x440;&#x43E;&#x431;&#x43E;&#x432;&#x449;&#x438;&#x43A;; &#x415;&#x432;&#x433;&#x435;&#x43D;&#x438;&#x439; &#x41E;&#x43D;&#x435;&#x433;&#x438;&#x43D;: &#x434;&#x435;&#x441;&#x44F;&#x442;&#x430;&#x44F; &#x433;&#x43B;., &#x41F;&#x435;&#x441;&#x43D;&#x44C; IX, &#x41F;&#x443;&#x442;&#x435;&#x448;&#x435;&#x441;&#x442;&#x432;&#x438;&#x435; &#x41E;&#x43D;&#x435;&#x433;&#x438;&#x43D;&#x430; (&#x421;&#x442;&#x440;&#x430;&#x43D;&#x441;&#x442;&#x432;&#x438;&#x44F;); &#x418;&#x441;&#x442;&#x43E;&#x440;&#x438;&#x44F; &#x441;&#x435;&#x43B;&#x430; &#x413;&#x43E;&#x440;&#x44E;&#x445;&#x438;&#x43D;&#x430;; &#x41A;&#x430;&#x43C;&#x435;&#x43D;&#x43D;&#x44B;&#x439; &#x433;&#x43E;&#x441;&#x442;&#x44C;; &#x421;&#x442;&#x438;&#x445;&#x438;</subfield>
  </datafield>
  <datafield tag="461" ind1=" " ind2="0">
    <subfield code="1">001RU\NLR\bibl\2015409</subfield>
    <subfield code="1">2001#$a&#x411;&#x43E;&#x43B;&#x434;&#x438;&#x43D;&#x441;&#x43A;&#x438;&#x435; &#x43F;&#x440;&#x43E;&#x438;&#x437;&#x432;&#x435;&#x434;&#x435;&#x43D;&#x438;&#x44F;, 1830$v&#x41A;&#x43D;. 1</subfield>
    <subfield code="9">4396893</subfield>
    <subfield code="a">&#x41F;&#x443;&#x448;&#x43A;&#x438;&#x43D;, &#x410;. &#x421;. (&#x43F;&#x43E;&#x44D;&#x442; ; 1799-1837)</subfield>
    <subfield code="c">&#x411;&#x43E;&#x43B;&#x434;&#x438;&#x43D;&#x43E;</subfield>
    <subfield code="d">2007</subfield>
    <subfield code="f">&#x410;.&#x421;. &#x41F;&#x443;&#x448;&#x43A;&#x438;&#x43D;</subfield>
    <subfield code="n">[&#x431;. &#x438;.]</subfield>
    <subfield code="o">&#x43A; 175-&#x43B;&#x435;&#x442;&#x438;&#x44E; "&#x411;&#x43E;&#x43B;&#x434;&#x438;&#x43D;&#x441;&#x43A;&#x43E;&#x439; &#x43E;&#x441;&#x435;&#x43D;&#x438;" : [&#x441;&#x443;&#x432;&#x435;&#x43D;&#x438;&#x440;&#x43D;&#x44B;&#x439; &#x43D;&#x430;&#x431;&#x43E;&#x440; &#x438;&#x437; &#x434;&#x432;&#x443;&#x445; &#x43A;&#x43D;&#x438;&#x433; &#x432; &#x444;&#x443;&#x442;&#x43B;&#x44F;&#x440;&#x435;]</subfield>
    <subfield code="t">&#x411;&#x43E;&#x43B;&#x434;&#x438;&#x43D;&#x441;&#x43A;&#x438;&#x435; &#x43F;&#x440;&#x43E;&#x438;&#x437;&#x432;&#x435;&#x434;&#x435;&#x43D;&#x438;&#x44F;, 1830</subfield>
    <subfield code="y">9785749312119</subfield>
    <subfield code="v">&#x41A;&#x43D;. 1</subfield>
  </datafield>
  <datafield tag="801" ind1=" " ind2="0">
    <subfield code="a">RU</subfield>
    <subfield code="b">NLR</subfield>
    <subfield code="c">20130319</subfield>
    <subfield code="g">RCR</subfield>
  </datafield>
  <datafield tag="801" ind1=" " ind2="1">
    <subfield code="a">RU</subfield>
    <subfield code="b">NLR</subfield>
    <subfield code="c">20130319</subfield>
  </datafield>
  <datafield tag="942" ind1=" " ind2=" ">
    <subfield code="c">BOOK</subfield>
  </datafield>
  <datafield tag="980" ind1=" " ind2=" ">
    <subfield code="a">NB</subfield>
  </datafield>
  <datafield tag="995" ind1=" " ind2=" ">
    <subfield code="5">2013-03-19</subfield>
    <subfield code="a">a9</subfield>
    <subfield code="b">NLR01</subfield>
    <subfield code="c">NLR01</subfield>
    <subfield code="e">RF8</subfield>
    <subfield code="f">3848416</subfield>
    <subfield code="k">2013-1/146</subfield>
    <subfield code="o">0</subfield>
    <subfield code="r">BOOK</subfield>
    <subfield code="s">20131146_</subfield>
  </datafield>
  <datafield tag="995" ind1=" " ind2=" ">
    <subfield code="5">2013-03-19</subfield>
    <subfield code="a">a9</subfield>
    <subfield code="b">NLR01</subfield>
    <subfield code="c">NLR01</subfield>
    <subfield code="e">RF8</subfield>
    <subfield code="f">3848418</subfield>
    <subfield code="k">2013-1/146</subfield>
    <subfield code="o">0</subfield>
    <subfield code="r">BOOK</subfield>
    <subfield code="s">20131146_</subfield>
  </datafield>
</record>
